[Event "GAMMA Reykjavik Open 2018"]
[Site "Reykjavik"]
[Date "2018.03.10"]
[Round "2"]
[White "L'Ami, Alina"]
[Black "Hamitevici, Vladimir"]
[Result "1-0"]
[WhiteElo "2306"]
[BlackElo "2512"]
[Annotator "TA"]
[PlyCount "85"]
[EventType "swiss"]
[EventCountry "ISL"]

{[%evp 20,85,56,46,46,44,45,37,49,21,87,56,56,56,67,51,53,33,46,23,28,27,28,-13,25,0,8,0,19,-12,0,-137,-130,-137,-130,-114,-135,-113,-15,-11,-11,-21,-16,-16,0,0,0,-73,-39,-89,-6,-133,-131,-235,-220,-217,-178,-179,361,361,570,489,639,637,620,617,1082,1079]} 1. d4 Nf6 2. c4 c5 3. d5 g6 4. Nc3 Bg7 5. e4 O-O 6. Nf3 d6 7. h3 e6 8. Bd3 Re8 9. O-O Na6 10. Re1 Nc7 11. a4 Na6 {E90: King's Indian: Classical: Early deviations and 6 h3} (11... exd5 12. cxd5 b6 13. Bf4 Bb7 14. Bh2 Nh5 15. g4 Nf6 16. Nd2 h5 17. Nc4 Bf8 18. f3 Ba6 19. Ne3 Nh7 20. Kg2 {0-1 (61) Mitkov,M (2401)-Drenchev,P (2517) Tivat 2011}) 12. Bg5 h6 13. Bf4 Nh5 $146 {White is slightly better.} ({Predecessor:} 13... Nb4 14. Bb1 b6 15. Ra3 a6 16. g4 exd5 17. exd5 Rxe1+ 18. Qxe1 {1-0 (76) Danner,G (2355)-Koerholz,L (2255) Dortmund 1992}) 14. Be3 Qf6 (14... Nb4 $11 {remains equal.}) 15. Bf1 e5 16. g3 Nb4 17. Nh2 Qe7 18. Rc1 Kh7 19. Kg2 Rf8 20. Be2 Nf6 21. Ng4 Nd7 22. Qd2 {[%cal Re3h6]} f5 23. exf5 gxf5 24. Nxh6 Qf6 {[%cal Rg7h6]} 25. Nxf5 ({Much worse is} 25. Nb5 Bxh6 26. Bxh6 Qxh6 $17) (25. Ng4 $1 $11 {was the only way to keep the balance.} Qg6 26. Rh1 (26. Nh2 $2 f4 $19)) 25... Qxf5 $17 26. Nb5 Nf6 27. g4 Qg6 $1 28. Nxd6 Nxg4 (28... b6 $17 29. Nxc8 Raxc8) 29. hxg4 $11 Qxd6 30. Rh1+ Kg8 31. Rh5 Rf6 32. Rch1 Rg6 $1 33. f3 (33. R1h4 $11) 33... e4 34. Bf4 Qf8 ({Better is} 34... Qa6 $1 $17 {And now ...exf3+ would win.} 35. Kg3 exf3 36. Bxf3 Bd7) 35. Kg3 (35. R1h4 $11 {keeps the balance.}) 35... Bf5 $1 $17 36. fxe4 (36. d6 $17 {was called for.}) 36... Bxe4 $19 37. Rf1 Re8 38. d6 {[%cal Bd5d6,Bd6d7][%mdl 32] [#] aiming for d7.} Bd4 $4 {[%mdl 8192] [#]} (38... Qf7 $1 $19 {avoids the disaster. White must now prevent ...Qe6.} 39. Rxc5 Nc6) 39. d7 $1 $18 {Strongly threatening Be5.} Rd8 (39... Rf6 $142) 40. Bc7 {White is clearly winning.} Qxf1 41. Bxf1 Rxd7 42. Qf4 Bc2 {Hoping for ...Rf7.} 43. Be5 {Precision: White = 52%, Black = 38%.} 1-0

[Event "GAMMA Reykjavik Open 2018"]
[Site "Reykjavik"]
[Date "2018.03.12"]
[Round "6"]
[White "Eljanov, Pavel"]
[Black "Thorfinnsson, Bjorn"]
[Result "1-0"]
[WhiteElo "2713"]
[BlackElo "2399"]
[Annotator "TA"]
[PlyCount "83"]
[EventType "swiss"]
[EventCountry "ISL"]
[SourceTitle "playchess.com"]
[Source "ChessBase"]
[SourceQuality "1"]

{[%evp 17,83,18,19,1,18,15,33,26,30,22,70,43,48,43,45,50,46,55,49,53,60,61,95,86,94,87,108,102,101,101,98,99,97,90,97,102,97,101,102,84,81,75,80,84,87,76,86,76,174,174,174,180,168,170,288,288,274,265,284,308,253,235,633,614,1311,1301,1308,1213]} 1. Nf3 d5 2. g3 Nf6 3. Bg2 c5 4. O-O Nc6 5. d4 cxd4 6. Nxd4 Qb6 7. Nxc6 bxc6 8. c4 e6 9. Qc2 {E01: Catalan: Early deviations} (9. Nc3 Be7 10. cxd5 cxd5 11. e4 O-O 12. exd5 Rd8 13. Qc2 Nxd5 14. Nxd5 exd5 15. Be3 Qa5 16. Bd4 Bg4 17. Qd3 Bf8 18. a3 Bh5 {½-½ (51) Sharif,M (2363)-Hamdouchi,H (2586) Chartres 2017}) 9... Be7 {LiveBook: 4 Games} 10. Be3 Qa6 11. Nd2 $146 {The position is equal.} ({Find the theoretical novelty and annotate with similar games:} 11. cxd5 cxd5 12. Bc5 Qc6 13. Rc1 Ba6 14. Bxe7 Qxc2 15. Rxc2 Kxe7 16. Nc3 Rac8 {0-1 (56) Bator,R (2425)-Wedberg,T (2455) Stockholm 1995}) 11... O-O 12. Bd4 Rd8 13. Rfd1 c5 14. cxd5 cxd4 {[#]} 15. d6 $1 $36 {[%cal Rd6e7][%mdl 2560] White is pushing.} Bb7 (15... Qxd6 16. Bxa8) 16. dxe7 Rdc8 17. Qd3 Qxd3 18. exd3 Rc7 19. Nb3 Rb8 20. Bxb7 Rbxb7 21. Nxd4 Rxb2 22. Rab1 Rxb1 23. Rxb1 {Rb8+ would kill now.} Rxe7 $16 {[%mdl 4096] Endgame KRN-KRN} 24. Nc6 Re8 25. Nxa7 Kf8 26. a4 {[%cal Ba2a4,Ba4a5][%mdl 32]} Ra8 27. Rb7 $1 Ne8 28. a5 Nd6 {[#]} 29. Rc7 $1 Ke8 30. Nc6 Ra6 31. Kg2 g6 32. g4 Nb5 (32... h6 $16) 33. Rc8+ $18 Kd7 34. Nb8+ Kxc8 35. Nxa6 {KN-KN} Kb7 (35... Nd4 $142) 36. Nc5+ Kc6 {[#]} 37. Ne4 $1 h6 38. Nf6 Nd6 39. Kg3 g5 $2 (39... Nb7 40. Ng8 h5 41. gxh5 gxh5) 40. f4 {White is clearly winning.} Kb5 41. fxg5 hxg5 42. Ne4 {Precision: White = 82%, Black = 50%.} 1-0

[Event "GAMMA Reykjavik Open 2018"]
[Site "Reykjavik"]
[Date "2018.03.13"]
[Round "6"]
[White "Adhiban, B.."]
[Black "Ramirez, Alejandro"]
[Result "1-0"]
[WhiteElo "2650"]
[BlackElo "2568"]
[Annotator "TA"]
[PlyCount "53"]
[EventType "swiss"]
[EventCountry "ISL"]
[SourceTitle "playchess.com"]
[Source "ChessBase"]
[SourceQuality "1"]

{[%evp 18,53,26,29,97,87,85,69,88,103,145,134,136,141,145,138,145,163,139,132,580,554,572,384,566,562,566,469,666,670,706,705,1004,687,643,644,4684,3839]} 1. d4 Nf6 2. c4 c5 3. d5 b5 4. cxb5 a6 5. e3 axb5 6. Bxb5 Qa5+ 7. Nc3 Bb7 8. Bd2 Qb6 9. Nf3 Nxd5 {A57: Benko/Volga Gambit} 10. a4 {[%cal Ba2a4,Ba4a5][%mdl 32] LiveBook: 22 Games} Qg6 $146 (10... Nf6 $11) ({Predecessor:} 10... e6 11. O-O Be7 12. e4 Nxc3 13. Bxc3 O-O 14. Ne5 d5 15. exd5 exd5 16. Re1 d4 17. Bd2 Ba6 18. Qb3 Ra7 19. Nc4 Qf6 20. Re5 Bxb5 21. Qxb5 Nd7 22. Bg5 {1-0 (22) Markus,R (2644)-Djukic,N (2519) Heraklio 2017}) 11. O-O $1 $16 e6 {White is better.} 12. a5 Nc7 13. e4 {Bf4 is the strong threat.} Nxb5 14. Nxb5 {[%cal Bc3b5,Bb5d6,Bd6f5,Bf5g3][%mdl 32]} Na6 15. Re1 $1 f6 16. Nh4 Qf7 {[#]} 17. Qb3 $1 $36 {[%mdl 2048] And now Nf5! would win. White is on the roll.} Bc6 {[#] White must now prevent ...Rb8.} 18. Nf5 $1 Qh5 $2 {[%mdl 8192]} (18... Bxb5 $16 {is a better chance.} 19. Qxb5 Be7) 19. Nbd6+ $18 Kd8 20. Qb6+ Nc7 21. Bf4 {White is clearly winning.} exf5 22. Nxf5 Rc8 (22... Ke8 $142 23. Bxc7 g6 24. Nd6+ Bxd6 25. Bxd6 Kf7) 23. Rad1 Ke8 24. Bxc7 g6 25. Ng3 Qg4 26. e5 {[%cal Be4e5,Be5e6][%mdl 32] aiming for e6!} Qb4 27. e6 {Precision: White = 97%, Black = 29%.} 1-0

[Event "GAMMA Reykjavik Open 2018"]
[Site "Reykjavik"]
[Date "2018.03.12"]
[Round "6"]
[White "Cornette, Matthieu"]
[Black "Thorsteinsson, Thorsteinn"]
[Result "1-0"]
[WhiteElo "2620"]
[BlackElo "2317"]
[Annotator "TA"]
[PlyCount "69"]
[EventType "swiss"]
[EventCountry "ISL"]
[SourceTitle "playchess.com"]
[Source "ChessBase"]
[SourceQuality "1"]

{[%evp 19,69,50,51,2,15,12,21,0,0,0,22,14,62,54,245,237,238,229,242,231,201,181,225,230,376,305,304,297,294,290,323,339,845,839,918,935,973,567,702,656,571,164,852,592,1293,1281,1229,1200,29989,5273,1885,1788]} 1. d4 d6 2. e4 Nf6 3. Nc3 e5 4. Nf3 Nbd7 5. Bc4 Be7 6. a4 O-O 7. O-O a5 8. Re1 c6 9. h3 h6 10. Be3 Re8 {LiveBook: 54 Games. C41: Philidor Defence} 11. Bb3 (11. dxe5 dxe5 12. Nh4 Nf8 13. Qf3 Bb4 14. Rad1 Qe7 15. Rd3 Kh8 16. Red1 Ng6 17. Nxg6+ fxg6 18. Bb6 {1-0 (41) Kobalia,M (2628)-Halkias,S (2585) Tallinn 2016}) 11... exd4 $146 ({Predecessor:} 11... Qc7 12. Nh4 Nf8 13. Qf3 exd4 14. Bxd4 Ne6 15. Be3 Ng5 16. Bxg5 hxg5 17. Nf5 {0-1 (71) Preotu,R (2452)-Gerzhoy,L (2419) Guelph 2015}) 12. Bxd4 Nf8 {The position is equal.} 13. Nh4 Be6 14. Bxe6 fxe6 15. e5 Nd5 16. Nxd5 exd5 $2 ({Black should try} 16... cxd5 $14 17. Nf3 Ng6) 17. Nf5 $18 dxe5 18. Rxe5 Bg5 19. Rxe8 Qxe8 20. Nxg7 Qg6 21. Ra3 Kh7 (21... c5 {is a better defense.}) 22. Nh5 Ne6 23. Rb3 b5 24. axb5 a4 25. Rd3 c5 $2 (25... cxb5 26. Be5 d4 27. Bxd4 Rd8) 26. Be5 d4 27. b6 Qe4 28. Bg3 Ra6 {[#]} 29. h4 $1 Bd8 (29... Bxh4 30. Bxh4) 30. Bc7 $2 (30. Rf3) 30... Bxh4 $2 (30... Nxc7 31. bxc7 Bxc7) 31. Rh3 {Rxh4! is the strong threat.} Be7 32. b7 Qxb7 33. Qd3+ Kh8 {[#]} 34. Be5+ (34. Nf6 $142 $1 {[%mdl 512]} Qxg2+ (34... Bxf6 35. Rxh6+) 35. Kxg2 Nf4+ 36. Bxf4 Rxf6 37. Bxh6 Kg8 38. Qc4+ Kh7 39. Bf8+ Kg6 40. Qg8+ Kf5 41. Rh5+ Kf4 42. Qg5+ Ke4 43. Qe5#) 34... Kg8 35. Qg6+ {Precision: White = 63%, Black = 39%.} 1-0

[Event "GAMMA Reykjavik Open 2018"]
[Site "Reykjavik"]
[Date "2018.03.13"]
[Round "6"]
[White "Landa, Konstantin"]
[Black "Vaibhav, Suri"]
[Result "1/2-1/2"]
[WhiteElo "2613"]
[BlackElo "2544"]
[Annotator "TA"]
[PlyCount "91"]
[EventType "swiss"]
[EventCountry "ISL"]
[SourceTitle "playchess.com"]
[Source "ChessBase"]
[SourceQuality "1"]

{[%evp 21,91,0,0,0,0,0,0,-8,-11,-21,-19,-29,0,0,0,0,11,0,0,0,0,-4,0,0,0,0,0,-8,0,0,0,0,0,0,0,0,9,0,0,0,0,0,0,0,0,0,0,0,0,0,0,0,0,0,0,0,0,0,0,0,0,0,0,0,0,0,0,0,0,0,0,0]} 1. d4 Nf6 2. Bf4 d5 3. e3 c5 4. c3 Nc6 5. Nd2 e6 6. Ngf3 Bd6 7. Bg3 O-O 8. Bd3 b6 9. Qe2 {D02: 1 d4 d5 2 Nf3 sidelines, including 2...Nf6 3 g3 and 2...Nf6 3 Bf4} (9. e4 Be7 10. e5 Nh5 11. Nf1 cxd4 12. Nxd4 Nxd4 13. cxd4 g6 14. Ne3 f5 15. exf6 Bxf6 16. Be2 Nxg3 17. hxg3 {½-½ (37) Nakamura,H (2787)-Svidler,P (2760) Moscow 2018}) 9... Bb7 10. Rd1 Re8 11. Ne5 Qc7 {[%cal Rc6e5] LiveBook: 4 Games} 12. Ndf3 $146 ({Predecessor:} 12. f4 Ne7 13. Qf3 Nf5 14. Bf2 Bf8 15. O-O Nd6 16. Qh3 Nfe4 17. Nxe4 dxe4 {0-1 (67) Novik,M (2482)-Bellaiche,A (2463) Jerusalem 2017}) 12... Ne4 13. Nxc6 Bxc6 14. Bxd6 Nxd6 15. O-O f6 16. Qc2 f5 17. Ne5 {The position is equal.} c4 18. Be2 b5 19. b3 Rec8 20. bxc4 bxc4 21. Rb1 Be8 22. Rb4 Rab8 23. Rfb1 Rb6 24. g4 g6 25. gxf5 gxf5 26. Kh1 Rxb4 27. Rxb4 Kh8 28. Rb1 Bc6 29. f4 Rg8 30. Bf3 Be8 31. Qf2 Qg7 32. Rb8 Nb5 33. Bh5 $1 Nd6 34. Rxe8 Rxe8 35. Bxe8 Nxe8 36. Qb2 Qc7 37. a4 Kg7 38. Qg2+ Kf8 $1 39. Qg5 {Qh6+ is the strong threat.} Qg7 40. Qd8 {Black should prevent Nd7+.} Qc7 41. Qh4 {[#] Threatens to win with Qh6+.} Qe7 42. Qh6+ Kg8 43. Nc6 Qd7 44. Ne5 Qe7 45. Nc6 Qd7 46. Ne5 {Precision: White = 68%, Black = 72%.} 1/2-1/2

[Event "GAMMA Reykjavik Open 2018"]
[Site "Reykjavik"]
[Date "2018.03.13"]
[Round "6"]
[White "Can, Emre"]
[Black "Abdusattorov, Nodirbek"]
[Result "1/2-1/2"]
[WhiteElo "2603"]
[BlackElo "2518"]
[Annotator "TA"]
[PlyCount "91"]
[EventType "swiss"]
[EventCountry "ISL"]
[SourceTitle "playchess.com"]
[Source "ChessBase"]
[SourceQuality "1"]

{[%evp 17,91,10,18,14,28,27,25,23,18,0,15,0,7,0,12,8,10,0,0,-8,9,9,8,0,0,0,0,0,0,-12,-11,-11,-11,-11,-11,-11,-11,-11,-11,-19,-20,-21,-19,-17,-8,-10,-8,-10,-3,-7,-2,-2,0,0,0,0,0,0,0,0,0,-3,0,0,0,0,0,0,0,0,0,0,0,0,0,0]} 1. Nf3 Nf6 2. c4 e6 3. g3 d5 4. d4 Bb4+ 5. Bd2 Bd6 (5... Be7 6. Bg2 O-O 7. O-O Nbd7 8. Qc2 c6 9. Rc1 b6 10. cxd5 cxd5 11. Bf4 Bb7 12. Qb3 Rc8 13. Rxc8 Qxc8 14. Nc3 Nh5 15. Bg5 Bxg5 16. Nxg5 Qb8 {½-½ (36) Karjakin,S (2753)-Wei,Y (2743) Wijk aan Zee 2018}) 6. Nc3 {E01: Catalan: Early deviations} Nc6 7. Bg2 O-O 8. O-O dxc4 9. Qa4 e5 {LiveBook: 3 Games} 10. d5 Ne7 11. Qxc4 h6 12. Rfd1 a6 13. a4 {[#] The position is equal.} Bg4 $146 ({Predecessor:} 13... c6 14. dxc6 Nxc6 15. Be3 Be6 16. Qh4 Bb3 17. Rd2 {1-0 (36) Ju,W (2567)-Dzagnidze,N (2522) Riadh 2017}) 14. Rac1 Qd7 15. Ne1 Rab8 16. a5 c6 17. dxc6 Nxc6 18. Be3 Nxa5 19. Qa2 {Strongly threatening Bc5.} Nc6 20. Bxc6 bxc6 {[#]} 21. Bc5 $1 {[%mdl 512]} Nd5 $1 (21... Bxc5 22. Rxd7) 22. Nxd5 cxd5 23. Rxd5 Be6 $1 {...Rfc8 is the strong threat.} 24. Rxd6 Qxd6 (24... Bxa2 $2 {perishes.} 25. Rxd7 Rfc8 26. Re7 $18) 25. Bxd6 Bxa2 26. Nd3 e4 27. Nb4 Be6 28. Bxb8 Rxb8 29. Nxa6 Rxb2 $11 {[%mdl 4096] Endgame KRB-KRN} 30. e3 Bg4 31. Nc5 Bf3 32. Na4 Rd2 33. Nc3 h5 34. Nb5 Rb2 35. Nd4 g6 36. h4 Kg7 37. Kf1 Ra2 38. Ke1 Bg4 39. Rc2 Ra1+ 40. Kd2 Rf1 41. Kc3 Kf6 42. Kc4 Ke5 43. Kc5 Bd7 44. Kc4 Be6+ 45. Kb5 Kd6 46. Rc6+ {Precision: White = 79%, Black = 70%.} 1/2-1/2

[Event "GAMMA Reykjavik Open 2018"]
[Site "Reykjavik"]
[Date "2018.03.13"]
[Round "6"]
[White "Lenderman, Aleksandr"]
[Black "Yilmaz, Mustafa"]
[Result "1/2-1/2"]
[WhiteElo "2600"]
[BlackElo "2619"]
[Annotator "TA"]
[PlyCount "134"]
[EventType "swiss"]
[EventCountry "ISL"]
[SourceTitle "playchess.com"]
[Source "ChessBase"]
[SourceQuality "1"]

{[%evp 15,134,9,23,3,7,0,0,-16,23,10,29,9,11,0,0,0,0,4,12,-16,0,-9,-18,-16,0,0,0,5,64,69,64,58,57,49,26,0,17,0,17,-12,-14,-28,-7,-25,27,-52,-67,-59,-94,-85,-37,-72,-38,-54,-46,-47,37,-126,-114,-127,-93,-91,-88,-105,-56,-160,-155,-143,-125,-210,-210,-210,-210,-210,-210,-210,-56,-56,-56,-56,-56,-56,-56,-56,-56,-86,-86,-86,-86,-86,-86,-86,0,0,0,0,0,0,0,0,0,0,0,0,0,0,0,0,0,0,0,0,0,0,0,0,0,0,0,0,0]} 1. Nf3 Nf6 2. c4 e6 3. Nc3 d5 4. e3 Be7 5. b3 O-O 6. Bb2 b6 7. cxd5 {A13: English Opening: 1...e6} exd5 8. d4 Bb7 {LiveBook: 8 Games} 9. Rc1 {White has an edge.} (9. Bd3 Nbd7 10. O-O Ne4 11. Rc1 Rc8 12. Qe2 c5 13. Ba6 Nxc3 14. Bxc3 Qc7 15. Bb2 Rfd8 16. Rfd1 Nf8 17. Ne5 Ne6 18. Bd3 Bf8 19. h4 {½-½ (37) Grischuk,A (2772)-Bacrot,E (2725) Riadh 2017}) 9... Nbd7 10. g3 Re8 $146 ({Find the theoretical novelty and annotate with similar games:} 10... c6 11. Bg2 Bd6 12. O-O Qe7 13. Qe2 Rae8 14. Rc2 Ng4 15. Nh4 Nh6 16. e4 dxe4 17. Nxe4 Ba3 18. Bxa3 Qxa3 19. Qd1 Re7 20. Qc1 Qxc1 21. Rfxc1 c5 {½-½ (21) Mera Cedeno,A (2376)-Bagirov,R (2471) Istanbul 2000}) 11. Bg2 Bd6 12. O-O a6 13. Qc2 Qe7 14. Ne2 c6 15. Nf4 Rac8 16. Rfd1 a5 17. a4 Ba6 18. Qb1 Ne4 {...Nxf2! is the strong threat.} 19. Rc2 Rc7 20. Qc1 Nb8 {[%cal Bd7b8,Bb8a6,Ba6b4][%mdl 32]} 21. Ne5 Bb7 (21... h6 $11) 22. Bxe4 $1 $14 dxe4 23. Nc4 Na6 24. Nxb6 Nb4 25. Re2 Ba6 26. Nc4 Bc8 27. f3 exf3 28. Rf2 Bf5 $36 {[%mdl 2048] Black wants to play ...Bxf4. Black fights for an advantage.} 29. Ba3 g5 ({Black should play} 29... Rcc8) 30. Nxd6 (30. Nh5 $11 Bg4 31. e4 Bxh5 32. e5 Bxe5 33. dxe5) 30... Qxd6 $15 31. Bxb4 axb4 ({Inferior is} 31... Qxb4 32. Nh5 $16) 32. Nd3 {[%cal Bf4d3,Bd3e5,Be5c4][%mdl 32]} g4 33. Ne5 f6 34. Nc4 Qd8 35. Qd2 Qe7 ({Better is} 35... Rb7 $15) 36. d5 $2 (36. e4 $1 $14 {keeps the upper hand.} Bxe4 37. Qf4) 36... cxd5 $17 37. Nb6 Be4 38. Nxd5 Bxd5 39. Qxd5+ Qe6 $1 40. Qxe6+ ({White should try} 40. e4 $1 $15) 40... Rxe6 $15 {[%mdl 4096] Endgame KRR-KRR} 41. Rd4 {[#]} h5 $1 42. Rxb4 (42. h3 $17 {was called for.} Rc1+ 43. Rf1 f2+ 44. Kg2 (44. Kxf2 $2 Rc2+ 45. Ke1 Rxe3+ 46. Kd1 Ra2 $19) 44... gxh3+ 45. Kxf2 Rc2+ 46. Kf3) 42... Rxe3 $19 43. Rc4 {[#]} Rd7 $1 {[%cal Rd7d1]} 44. Rc1 Rxb3 45. Ra2 Kf7 $2 (45... Ra7 $19 {White must now prevent ...Ra5.} 46. a5 Ra6) 46. a5 $15 Ra7 47. a6 Rb6 48. Rca1 Re6 49. Kf2 Kg6 50. h4 Re5 51. Kf1 Re6 52. Kf2 Kf7 53. Kf1 Ke7 (53... Rb6 $17) 54. Re1 $1 $11 {The position is equal.} Re5 55. Ra5 Kd6 56. Rexe5 fxe5 {KR-KR} 57. Kf2 Kc6 58. Rxe5 Rxa6 59. Rxh5 {Threatening mate with Rh6+.} Ra2+ 60. Kf1 Rg2 61. Rg5 Rxg3 62. h5 Rh3 {Strongly threatening ...g3.} 63. Rxg4 Rxh5 64. Kf2 Rf5 65. Rg3 Kd5 66. Rxf3 Rxf3+ 67. Kxf3 Ke5 {Precision: White = 45%, Black = 63%.} 1/2-1/2

[Event "GAMMA Reykjavik Open 2018"]
[Site "Reykjavik"]
[Date "2018.03.13"]
[Round "6"]
[White "Friedel, Joshua"]
[Black "Rapport, Richard"]
[Result "0-1"]
[WhiteElo "2562"]
[BlackElo "2715"]
[Annotator "TA"]
[PlyCount "88"]
[EventType "swiss"]
[EventCountry "ISL"]
[SourceTitle "playchess.com"]
[Source "ChessBase"]
[SourceQuality "1"]

{[%evp 15,88,47,42,35,42,41,37,24,26,37,54,37,43,49,62,43,50,13,14,5,16,13,18,0,43,31,30,31,25,-12,18,0,1,0,0,0,0,0,0,-35,-29,-36,-35,-60,-23,-57,-59,-63,-68,-89,-39,-50,-54,-60,-67,-200,-205,-426,-417,-422,-414,-459,-456,-455,-452,-419,-433,-507,-489,-477,-488,-533,-533,-531,-531]} 1. Nf3 Nc6 2. e4 e5 3. Bb5 a6 4. Ba4 Nf6 5. O-O d6 6. c3 Nxe4 7. d4 Bd7 8. Re1 Nf6 {LiveBook: 3 Games} 9. Bxc6 {C79: Ruy Lopez: Steinitz-type lines with 3...a6 4 Ba4 Nf6 5 0-0 d6} Bxc6 10. dxe5 dxe5 11. Qxd8+ {White is slightly better.} Kxd8 12. Nxe5 Be8 $146 ({Predecessor:} 12... Bd5 13. Bg5 Be6 14. Nd2 Bd6 15. Ndc4 Be7 16. Na5 Rb8 {½-½ (51) Albornoz Cabrera,C (2493)-Friedel,J (2561) Merida 2017}) 13. Bg5 h6 14. Bxf6+ gxf6 15. Ng4 Be7 16. Na3 Bd7 17. Rad1 Kc8 18. Ne3 Be6 19. Nd5 Bd8 20. Nc4 a5 21. a4 Ra6 22. b3 {[%cal Bb2b3,Bb3b4][%mdl 32]} Rc6 23. Nce3 Rd6 24. b4 Rg8 25. b5 Rd7 26. c4 c6 27. Nf4 (27. Rc1 {with more complications.} Kb8 28. bxc6 bxc6 29. Nf4 Rd4 30. Nxe6 fxe6 31. g3) 27... Bb6 28. bxc6 bxc6 29. Rxd7 Bxd7 (29... Kxd7 {feels hotter.} 30. Rc1 Bc5 31. Ned5 Be7 32. Nb6+ Kd8) 30. Rc1 Bd4 31. Rd1 Bc5 32. Nh5 Rg6 {[#] Hoping for ...Bxe3.} 33. Ng3 Kc7 34. Ne4 Bb4 {And now ...f5 would win.} 35. h4 (35. Ng3 $15) 35... f5 $19 {[%cal Bf6f5,Bf5f4][%mdl 32]} 36. h5 $2 {[#]} (36. Rxd7+ Kxd7 37. Nxf5) 36... Re6 37. Nd2 f4 38. Nc2 Rd6 39. Nxb4 axb4 {[%cal Ba5b4,Bb4b3][%mdl 32] KRB-KRN} 40. Kf1 Bf5 41. c5 {Black is clearly winning.} Rd5 42. Ke1 Bc2 43. Rc1 Re5+ 44. Kf1 b3 {Precision: White = 43%, Black = 87%.} 0-1

[Event "GAMMA Reykjavik Open 2018"]
[Site "Reykjavik"]
[Date "2018.03.13"]
[Round "6"]
[White "Brunello, Sabino"]
[Black "L'Ami, Erwin"]
[Result "1/2-1/2"]
[WhiteElo "2542"]
[BlackElo "2634"]
[Annotator "TA"]
[PlyCount "126"]
[EventType "swiss"]
[EventCountry "ISL"]
[SourceTitle "playchess.com"]
[Source "ChessBase"]
[SourceQuality "1"]

{[%evp 19,126,38,47,52,56,28,70,57,60,53,57,57,62,44,33,32,66,37,32,29,38,33,33,33,33,40,48,35,47,49,49,53,51,51,51,51,53,51,60,52,44,48,46,57,104,108,116,121,108,117,231,70,102,84,98,102,143,125,149,114,150,135,140,115,115,114,184,175,341,146,291,291,299,254,712,712,712,712,712,698,697,697,625,587,29964,0,0,0,0,0,0,0,0,0,0,0,0,0,0,0,0,0,0,0,0,0,0,0,0]} 1. d4 Nf6 2. c4 e6 3. Nf3 d5 4. g3 Bb4+ 5. Bd2 Bxd2+ 6. Nbxd2 O-O 7. Bg2 Nbd7 {E11: Bogo-Indian} 8. Rc1 b6 9. cxd5 Nxd5 10. O-O Bb7 {LiveBook: 3 Games} 11. Nc4 $146 ({Predecessor:} 11. Qb3 Rc8 12. Nc4 Ba8 13. Qa4 a5 14. Nce5 Nxe5 15. Nxe5 Qd6 16. Nc6 Bxc6 17. Rxc6 {½-½ (49) Bluebaum,M (2640)-L'Ami,E (2634) Wijk aan Zee 2018}) 11... N5f6 12. Qd3 Be4 13. Qa3 Qb8 14. Nfe5 Bxg2 15. Kxg2 Nxe5 16. Nxe5 c5 $1 17. Rfd1 Rc8 18. Qf3 Qd6 19. Nc4 Qd5 20. dxc5 Qxf3+ 21. Kxf3 Rxc5 22. Nd6 Ra5 23. a3 g5 24. h3 Rd8 25. g4 {Hoping for Ne4.} Nd7 26. e3 {Nb7 is the strong threat.} Rc5 27. Ne4 Rxc1 28. Rxc1 $14 {[%mdl 4096] Endgame KRN-KRN} h6 29. Rc7 Ne5+ 30. Ke2 a5 31. b3 Kg7 32. Rb7 $1 Nd7 33. Nd2 a4 34. bxa4 Ne5 (34... Nc5 $16 {was worth a try.} 35. Rxb6 Nxa4) 35. Rc7 $2 (35. Rxb6 $18 {And now Rb5 would win.} Rxd2+ 36. Kxd2 Nc4+ 37. Kd3 Nxb6 38. a5) 35... Ra8 36. Nc4 Nxc4 37. Rxc4 $16 {KR-KR} Rd8 38. Rd4 Rc8 39. Kd3 Rc1 40. Rb4 Rc6 41. Rc4 Rd6+ 42. Kc3 h5 (42... f5 $16 {is a better defense.} 43. Rc8 Kf6) 43. gxh5 Kh6 $2 (43... f5 44. Kb4 Rd2) 44. h4 (44. Kb4 $18) 44... Kxh5 (44... f6 $16 45. Kb4 Rd2) 45. hxg5 $18 Kxg5 46. Kb4 Rd2 $2 (46... e5 47. Kb5 Kf5) 47. f4+ Kf5 {[#]} 48. Kb5 $1 {[%cal Rb5b6]} Rd3 49. Kxb6 Rxe3 {[#]} 50. a5 $1 Rxa3 51. a6 Rb3+ 52. Ka5 $2 (52. Kc6 {mates} e5 53. Ra4 Rb8 54. a7 Rc8+ 55. Kb7 Rd8 56. fxe5 Kxe5 57. Ra5+ Kd6 58. a8=R Rd7+ 59. Kb6) 52... Rb8 $11 {The position is equal.} 53. a7 Ra8 $1 {[%cal Ra8a7]} 54. Ka6 e5 $1 55. fxe5 Kxe5 56. Kb7 (56. Rc7 {seems wilder.} f5 57. Rf7 f4 58. Re7+ Kd5 59. Rd7+) 56... Rxa7+ $1 57. Kxa7 {KR-KP} f5 {[%cal Bf7f5,Bf5f4][%mdl 32]} 58. Kb6 f4 59. Rc8 Kd4 60. Rf8 Ke3 61. Kc5 f3 62. Kc4 f2 63. Rxf2 Kxf2 {Precision: White = 77%, Black = 48%.} 1/2-1/2

[Event "GAMMA Reykjavik Open 2018"]
[Site "Reykjavik"]
[Date "2018.03.13"]
[Round "6"]
[White "Nihal Sarin"]
[Black "Kamsky, Gata"]
[Result "1/2-1/2"]
[WhiteElo "2534"]
[BlackElo "2677"]
[Annotator "TA"]
[PlyCount "60"]
[EventType "swiss"]
[EventCountry "ISL"]
[SourceTitle "playchess.com"]
[Source "ChessBase"]
[SourceQuality "1"]

{[%evp 18,60,50,55,46,65,85,52,67,53,64,71,116,80,95,87,94,93,127,127,119,127,127,120,123,87,119,65,65,65,65,65,87,35,35,35,35,34,34,20,34,0,37,0,45]} 1. d4 Nf6 2. c4 g6 3. Nc3 Bg7 4. e4 d6 5. Be2 c6 6. Nf3 O-O 7. O-O Bg4 8. Be3 Nbd7 9. Nd2 Bxe2 {E91: King's Indian: Classical: 6 Be2, unusual replies including 6...c5 and 6...Bg4} 10. Qxe2 {LiveBook: 3 Games} a6 11. f4 Ne8 $146 {White is slightly better.} ({Find the theoretical novelty and annotate with similar games:} 11... b5 12. e5 Ne8 13. c5 Nc7 14. cxd6 exd6 15. Nde4 dxe5 16. dxe5 b4 17. Na4 {½-½ (41) Werner,D (2315)-Chernyshov,K (2544) Budapest 2006}) 12. a4 Nc7 13. a5 Rb8 14. e5 f5 15. c5 d5 16. Nf3 Ne6 17. Qf2 (17. Qe1 {NOTEXT} Nc7 18. b4 e6 19. Qg3 Qe8 20. Qh4) 17... Rf7 18. Ng5 Nxg5 19. fxg5 {Hoping for e6.} Nf8 20. Ne2 Ne6 21. Qh4 Qd7 22. Nf4 (22. Rf3 $16) 22... Nxf4 $14 23. Bxf4 {[#] Strongly threatening e6!} e6 24. Ra3 Bf8 {[%cal Bg7f8,Bf8e7,Be7d8][%mdl 32]} 25. b4 ({White should play} 25. Qe1 $16) 25... Be7 26. Qh3 Rbf8 27. Rg3 Rg7 28. Qh6 Bd8 29. Qh3 Be7 30. Qh6 Bd8 {Precision: White = 30%, Black = 47%.} 1/2-1/2